[Event "ITA-chT Final (Women) 1st"]
[Site "Arvier"]
[Date "2008.05.02"]
[Round "1"]
[White "Palmitessa, Chiara"]
[Black "Spennati, Giulia"]
[Result "1-0"]
[WhiteElo "1755"]
[BlackElo "1431"]
[PlyCount "119"]
[EventDate "2008.05.02"]
[EventType "team-swiss"]
[EventRounds "5"]
[EventCountry "ITA"]
[SourceTitle "CBM 124 Extra"]
[Source "ChessBase"]
[SourceDate "2008.07.03"]
[SourceVersion "1"]
[SourceVersionDate "2008.07.03"]
[SourceQuality "1"]
[WhiteTeam "Barletta"]
[BlackTeam "Nereto Libertas"]
[WhiteTeamCountry "ITA"]
[BlackTeamCountry "ITA"]

1. e4 e5 2. Nf3 d6 3. Nc3 Nf6 4. Bc4 c6 5. d3 d5 6. exd5 cxd5 7. Bb3 Nc6 8. Bg5 Bb4 9. 0-0 Be6 10. Ne2 e4 11. dxe4 dxe4 12. Nfd4 Nxd4 13. Nxd4 Bxb3 14. Nxb3 Qxd1 15. Raxd1 0-0 16. Bxf6 gxf6 17. Rd4 Be7 18. Rxe4 Rfe8 19. Rfe1 Kf8 20. Kf1 f5 21. Re5 Bd6 22. Rxf5 Rxe1+ 23. Kxe1 Bxh2 24. g3 Kg7 25. Rh5 Re8+ 26. Kf1 Bxg3 27. fxg3 Kg6 28. Rd5 f5 29. Rd6+ Kg5 30. Rd7 h5 31. Rg7+ Kh6 32. Rxb7 Rf8 33. Rxa7 f4 34. gxf4 Rxf4+ 35. Kg2 h4 36. Ra5 Kg6 37. Rd5 Kf6 38. Rd4 Rf5 39. Rxh4 Kg5 40. Rc4 Kg6 41. Rc6+ Kg7 42. a4 Rg5+ 43. Kf2 Rf5+ 44. Ke2 Rh5 45. a5 Rh2+ 46. Kd3 Rh3+ 47. Kc4 Rh2 48. Kb5 Kf7 49. a6 Ke7 50. a7 Rh8 51. Rb6 Ra8 52. Ka6 Kd8 53. Rb8+ Rxb8 54. axb8Q+ Ke7 55. Qe5+ Kd7 56. Qf6 Kc7 57. Qe6 Kd8 58. Nc5 Kc7 59. Qd7+ Kb8 60. Qb7# 1-0